|
|
|
|
| LEADER |
00000nas a2200000 a 4500 |
| 001 |
ssj0000569573 |
| 003 |
WaSeSS |
| 005 |
20200512172242.0 |
| 006 |
m d |
| 007 |
cr n |
| 008 |
100528c20069999rm fr p s 0 0eng |
| 010 |
|
|
|a 2012213405
|
| 016 |
7 |
|
|a 015878585
|2 Uk
|
| 022 |
|
|
|y 1841-9259
|
| 035 |
|
|
|a (WaSeSS)ssj0000569573
|
| 040 |
|
|
|a UKMGB
|b eng
|c UKMGB
|d DLC
|d OCLCO
|d XFH
|d OCLCF
|d WaSeSS
|
| 041 |
0 |
|
|a eng
|a fre
|
| 042 |
|
|
|a pcc
|
| 043 |
|
|
|a e------
|
| 050 |
0 |
0 |
|a JN30
|b .E81974
|
| 222 |
|
0 |
|a Eurolimes.
|
| 245 |
0 |
0 |
|a Eurolimes
|h [electronic resource] :
|b journal of the Institute for Euroregional Studies, "Jean Monnet" European Centre of Excellence.
|
| 246 |
1 |
3 |
|a Journal of the Institute for Euregional Studies, "Jean Monnet" European Centre of Excellence.
|
| 260 |
|
|
|a Oradea :
|b IERS, Oradea University Press,
|c 2006-
|
| 310 |
|
|
|a Semiannual
|
| 362 |
0 |
|
|a Nr. 1 (2006)-
|
| 506 |
|
|
|a License restrictions may limit access.
|
| 546 |
|
|
|a Abstracts in English.
|
| 588 |
|
|
|a Description based on: Nr. 1 (2006); title from title page.
|
| 588 |
|
|
|a Latest issue consulted: Vol. 10 (autumn 2010).
|
| 610 |
2 |
0 |
|a Institute for Euroregional Studies
|v Periodicals.
|
| 650 |
|
7 |
|a Politics and government.
|2 fast
|0 (OCoLC)fst01919741
|
| 651 |
|
0 |
|a Europe
|x Politics and government
|v Periodicals.
|
| 651 |
|
7 |
|a Europe.
|2 fast
|0 (OCoLC)fst01245064
|
| 655 |
|
0 |
|a Electronic journals.
|
| 710 |
2 |
|
|a Institute for Euroregional Studies.
|
| 850 |
|
|
|a DLC
|
| 856 |
4 |
0 |
|z Full text available from Research Library: 10/01/2009 to 04/30/2016
|u https://search.proquest.com/publication/135364
|